|
ห้องสมุด วิทยาลัยพยาบาลบรมราชชนนี อุดรธานี
Boromarajonani College of Nursing, Udonthani
|


|
mysqli: Table './ulib2015/stat_globaluid' is marked as crashed and last (automatic?) repair failed
select id from stat_globaluid where statuid='20260418032418_4531'
mysqli: Table './ulib2015/stat_globaluid' is marked as crashed and last (automatic?) repair failed
DELETE FROM stat_globaluid
WHERE id NOT IN (
SELECT id
FROM (
SELECT id
FROM stat_globaluid
ORDER BY id DESC
LIMIT 100
) foo
);
mysqli: Table './ulib2015/stat_globaluid' is marked as crashed and last (automatic?) repair failed
insert into stat_globaluid set
statuid='20260418032418_4531',
dt='1776457458',
phpself='/ULIB/dublinfull.php',
agent='Mozilla/5.0 AppleWebKit/537.36 (KHTML, like Gecko; compatible; ClaudeBot/1.0; +claudebot@anthropic.com)',
yea='2026',
mon='4',
dat='18',
ip='216.73.216.55'
| LEADER 00674nam 2200229 a 4500 |
| 001 10908 |
| 003 ULIBM |
| 008 160611s2544 th m a001 0 tha d |
| 020 ^a974-7822-59-8
|
| 050 4 ^aQA175^bธ394ค 2544
|
| 245 10 ^aคัมภีร์ Web Design/^cธวัชชัย ศรีสุเทพ
|
| 250 ^aพิมพ์ครั้งที่ 1.
|
| 260 ^aกรุงเทพฯ:^bโปรวิชั่น,^c2544
|
| 300 ^a 304 หน้า.
|
| 650 7 ^aเว็บไซท์
|
| 945 ^p0^l0^i9870 |
| 999 ^aลิขิตลักษณ์
|
| คุณยังไม่ได้ล็อกอิน คุณสามารถมีกิจกรรมร่วมกับเว็บไซต์ได้ แต่ต้องล็อกอินก่อน :: |
|
| ลำดับที่ |
ประเภท |
เลขเรียก/บาร์โค้ด |
สถานที่ |
สถานะ |
| 1. |
 หนังสือการพยาบาล | QA175 ธ394ค 2544 Barcode: 9870 | หนังสือทั่วไป | On Shelf |
| [แสดง 1/1 รายการ] |
mysqli: Can't create/write to file '/var/tmp/#sql_59d_0.MAI' (Errcode: 2)
select * from index_db where titl like '%คัมภีร์ Web Design/ ธวัชชัย ศรีสุเทพ%' and mid<>'10908' order by rand() limit 3
mysqli: Can't create/write to file '/var/tmp/#sql_59d_0.MAI' (Errcode: 2)
select * from index_db where subj like '%เว็บไซท์%' and mid<>'10908' order by rand() limit 3
|
ยังไม่เคยถูกคอมเมนท์
|
| คอมเมนท์ทรัพยากรรายการนี้ |
|